00793nam a2200193 a 4500008004100000020001500041050001700056100002100073245004400094260004300138300002400181350000900205500005400214650000800268650006500276995009600341999001700437952014500454120416s1984 ||||||||||||||||| || u a0471890251 aKB 61.L2 Per aPerritt, Henry H10aEmployee dismissal : law and practice / aNew YorkbWiley Law Publicationsc1984 axviii, 465p. : ill. a0.00 aKept up to date by pocket parts. -Includes index. aLAW aEMPLOYEES--DISMISSAL OF--LAW AND LEGISTLATION--UNITED STATES D0.00FCBU-MAIN LIBRARY (Kitwe)H1I77.25M1UAVAILABLEZMain Library Open Access Collection c41760d41760 00102lcc4070a001b001cMain Library Open Access Collectiond2022-11-30l1oKB 61.L2 Perp009005r2024-02-06s2024-01-23w2022-11-30y002